| 000 | 00711nam a22002057a 4500 | ||
|---|---|---|---|
| 003 | OSt | ||
| 005 | 20251205083352.0 | ||
| 008 | 251205b |||||||| |||| 00| 0 eng d | ||
| 020 | _a0-7216-5444-4. | ||
| 040 |
_aDWCL-Main lib _cOC |
||
| 082 |
_23rd ed. _aCirc. 615.14 K26c 1996 |
||
| 100 | _aKee, Joyce Lefever | ||
| 245 |
_aClinical calculations : _bwith applications to general and specialty areas _cKee, Joyce Lefever |
||
| 260 |
_aPhiladelphia : _bW. B. Saunders Company, _cc1996. |
||
| 300 |
_axxiii, 291 pages : _bchiefly illustration ; _c25 cm. |
||
| 650 | _21. Nursing-Mathematics. | ||
| 650 | _22. Pharmaceutical arithmetic. | ||
| 700 | _aMarshall, Sally M. | ||
| 942 |
_2ddc _cBK-CIRC _e3rd ed. _kCirc. _n0 |
||
| 999 |
_c6964 _d6964 |
||